<?xml version="1.0" encoding="UTF-8"?>
<record
    xmlns:xsi="http://www.w3.org/2001/XMLSchema-instance"
    xsi:schemaLocation="http://www.loc.gov/MARC21/slim http://www.loc.gov/standards/marcxml/schema/MARC21slim.xsd"
    xmlns="http://www.loc.gov/MARC21/slim">

  <leader>01531nam a2200205Ia 4500</leader>
  <controlfield tag="001">b6277-44633 </controlfield>
  <controlfield tag="003">IT-MiCISF</controlfield>
  <controlfield tag="008">161014s9999||||xx |||||||||||||| ||und||</controlfield>
  <datafield tag="040" ind1=" " ind2=" ">
    <subfield code="a">IT-MiCISF</subfield>
    <subfield code="c">IT-MiCISF</subfield>
  </datafield>
  <datafield tag="041" ind1=" " ind2=" ">
    <subfield code="a">it</subfield>
  </datafield>
  <datafield tag="100" ind1=" " ind2=" ">
    <subfield code="a">Davis Daniel L.</subfield>
  </datafield>
  <datafield tag="245" ind1=" " ind2="0">
    <subfield code="a">La rabbia nei bambini</subfield>
    <subfield code="b">Una guida per i genitori</subfield>
  </datafield>
  <datafield tag="250" ind1=" " ind2=" ">
    <subfield code="a">1a ed.</subfield>
  </datafield>
  <datafield tag="260" ind1=" " ind2=" ">
    <subfield code="a"> Roma</subfield>
    <subfield code="b">Armando Editore</subfield>
    <subfield code="c">2007 [Edizione originale: 2004]</subfield>
  </datafield>
  <datafield tag="300" ind1=" " ind2=" ">
    <subfield code="a">pp. 127</subfield>
  </datafield>
  <datafield tag="500" ind1=" " ind2=" ">
    <subfield code="a"> / crescita-bambini, problemi-infanzia, preadolescenza, disadattamento, pedagogia, educazione-bambini / Il presente volume, &#xE8; stato scritto per fornire ai genitori un manuale aggiornato e di facile lettura sui problemi di gestione della rabbia nei bambini, nei ragazzi nell'et&#xE0; dell'adolescenza e della pre-adolescenza. Dedicato anche ai professionisti della salute mentale, presenta specifiche strategie - alcune sperimentate da tempo, altre completamente nuove - per aiutare bambini e ragazzi a fronteggiare le difficolt&#xE0; che la rabbia provoca loro. L'A.,  psicologo, con un'esperienza trentennale nel trattamento dei disturbi del comportamento nell'et&#xE0; dello sviluppo, dopo aver trattato nella prima parte del libro i concetti base riguardo lo sviluppo infantile e l'insorgenza della rabbia nei bambini, entra nella pratica e nella specificit&#xE0; dei casi trasformando queste situazioni difficili in questioni realisticamente affrontabili e risolvibili .</subfield>
  </datafield>
  <datafield tag="650" ind1=" " ind2=" ">
    <subfield code="a"> Genitorialit&#xE0; e problemi educativi / et&#xE0;-evolutiva</subfield>
    <subfield code="e">004</subfield>
  </datafield>
  <datafield tag="942" ind1=" " ind2=" ">
    <subfield code="c">BK</subfield>
  </datafield>
  <datafield tag="957" ind1=" " ind2=" ">
    <subfield code="7">1</subfield>
  </datafield>
  <datafield tag="999" ind1=" " ind2=" ">
    <subfield code="a">44633</subfield>
    <subfield code="b">si</subfield>
    <subfield code="g">1</subfield>
    <subfield code="c">210783</subfield>
    <subfield code="d">210783</subfield>
  </datafield>
  <datafield tag="952" ind1=" " ind2=" ">
    <subfield code="0">0</subfield>
    <subfield code="1">0</subfield>
    <subfield code="4">0</subfield>
    <subfield code="6">B_627744633</subfield>
    <subfield code="7">1</subfield>
    <subfield code="a">CISF</subfield>
    <subfield code="b">CISF</subfield>
    <subfield code="d">2016-10-14</subfield>
    <subfield code="l">0</subfield>
    <subfield code="o">b6277-44633 </subfield>
    <subfield code="r">2016-10-14 00:00:00</subfield>
    <subfield code="w">2016-10-14</subfield>
    <subfield code="y">BK</subfield>
    <subfield code="z">Data import 15.10.2016 / by Epidotti, Vaglietti</subfield>
  </datafield>
</record>
